| 000 | 004150000a22001810004500 | ||
|---|---|---|---|
| 003 | MACL | ||
| 005 | 20160129152306.0 | ||
| 008 | 160129b xxu||||| |||| 00| 0 eng d | ||
| 040 |
_aMACL _cMACL |
||
| 041 | _aEnglish | ||
| 082 | _a823/SMI | ||
| 100 |
_aSmith, Wilbur _928347 |
||
| 245 | _aWarlock | ||
| 260 |
_bPan Books _c2001 _aNew York |
||
| 350 | _a99 | ||
| 650 |
_aFiction _935503 |
||
| 942 |
_cBK _k823/SIM _2ddc |
||
| 999 |
_c31030 _d31030 |
||